00435nam a2200157 a 45000010005000000030009000050080041000140400028000550820015000831000025000982450052001232600035001753000015002104900037002256500015002627110CO-ViMGA141112s2004 ck r 000 u spa d aCO-ViMGAbspacCO-ViMGA04a696.1 L3781 aLesur Esquivel, Luis10aManual de plomería : buna guía paso a paso aMedellín : bTrillas, c1993 a160 p : il aCómo hacer bien y fácilmente14aFONTANERIA